000 00502 a2200193 4500
005 20260214105314.0
008 260213b |||||||| |||| 00| 0 eng d
020 _a9788198146151
_cRs. 2695.00
040 _aMAIN
082 _a337.1
_bB147I
100 _aBagul, Jay
245 _aG-20: Issues, challenges and opportunities
260 _bYking Books
_c2025
_aJaipur
300 _ax, 345
650 _aEconomics
650 _aInternational Economics
650 _aGlobal Governance
942 _cBK
999 _c394529
_d394529